[Event "Heusenstamm Sparkassen op-B 6th"]
[Site "Heusenstamm"]
[Date "2019.11.24"]
[Round "7"]
[White "Berkes, Joerg"]
[Black "Pidgora, Andrejs"]
[Result "1-0"]
[WhiteElo "1754"]
[BlackElo "1546"]
[PlyCount "77"]
[EventDate "2019.11.21"]
[EventType "swiss"]
[EventRounds "7"]
[EventCountry "GER"]
[SourceTitle "CBM 194 Extra"]
[Source "ChessBase"]
[SourceDate "2020.03.31"]
[SourceVersion "1"]
[SourceVersionDate "2020.03.31"]
[SourceQuality "1"]

1. Nf3 Nf6 2. g3 d5 3. Bg2 e6 4. 0-0 Be7 5. d3 0-0 6. Nbd2 c5 7. e4 dxe4 8. dxe4 Bd7 9. Qe2 Bc6 10. Ne5 Qc7 11. Nxc6 Nxc6 12. Nb3 Rfd8 13. c3 Rd7 14. Be3 Na5 15. Nxa5 Qxa5 16. g4 Rad8 17. h4 Ne8 18. e5 Qc7 19. f4 h5 20. Be4 Bxh4 21. g5 Bxg5 22. Qxh5 Bh6 23. Rf2 Qa5 24. Rg2 Kf8 25. Rf1 Qc7 26. Kh1 Re7 27. Rfg1 Red7 28. Bf2 Rd2 29. Bh4 Rxg2 30. Bxg2 Rd2 31. Be4 Rxb2 32. Rd1 Rxa2 33. Bd8 Qc8 34. Qh4 f6 35. exf6 Ra4 36. fxg7+ Bxg7 37. Qe7+ Kg8 38. Qxe8+ Bf8 39. Qxa4 1-0

[Event "Heusenstamm Sparkassen op-B 6th"]
[Site "Heusenstamm"]
[Date "2019.11.23"]
[Round "4"]
[White "Pidgora, Andrejs"]
[Black "Althaus, Lennart"]
[Result "0-1"]
[WhiteElo "1546"]
[BlackElo "1690"]
[PlyCount "76"]
[EventDate "2019.11.21"]
[EventType "swiss"]
[EventRounds "7"]
[EventCountry "GER"]
[SourceTitle "CBM 194 Extra"]
[Source "ChessBase"]
[SourceDate "2020.03.31"]
[SourceVersion "1"]
[SourceVersionDate "2020.03.31"]
[SourceQuality "1"]

1. e4 d5 2. exd5 Qxd5 3. Nc3 Qa5 4. d4 Nf6 5. Nf3 Bg4 6. h3 Bxf3 7. Qxf3 c6 8. Bc4 Nbd7 9. 0-0 e6 10. Re1 Be7 11. Be3 Nb6 12. Bb3 Nbd5 13. Nxd5 cxd5 14. c3 0-0 15. Bg5 b5 16. a3 Qd8 17. Bxf6 Bxf6 18. Bc2 a5 19. b3 Qc7 20. Rac1 Rfc8 21. Qd3 g6 22. Bb1 Qb7 23. Rc2 Rc7 24. Kf1 Rac8 25. Ree2 b4 26. cxb4 axb4 27. a4 Rc3 28. Rxc3 Rxc3 29. Qd1 Qa6 30. Ke1 Kg7 31. Ba2 Qc6 32. Kf1 Rc1 33. Qxc1 Qxc1+ 34. Re1 Qb2 35. Bb1 Bxd4 36. Re2 Qxb1+ 37. Re1 Qxb3 38. a5 Qa3 0-1

[Event "Heusenstamm Sparkassen op-B 6th"]
[Site "Heusenstamm"]
[Date "2019.11.21"]
[Round "1"]
[White "Lochmann, Tobias"]
[Black "Pidgora, Andrejs"]
[Result "0-1"]
[WhiteElo "1158"]
[BlackElo "1546"]
[PlyCount "24"]
[EventDate "2019.11.21"]
[EventType "swiss"]
[EventRounds "7"]
[EventCountry "GER"]
[SourceTitle "CBM 194 Extra"]
[Source "ChessBase"]
[SourceDate "2020.03.31"]
[SourceVersion "1"]
[SourceVersionDate "2020.03.31"]
[SourceQuality "1"]

1. c4 e6 2. Nc3 Nf6 3. Nf3 d5 4. b3 c6 5. d4 Nbd7 6. g3 Bb4 7. Bd2 0-0 8. Bg2 Bxc3 9. Bxc3 Ne4 10. 0-0 Nxc3 11. Qc1 Nxe2+ 12. Kh1 Nxc1 0-1